Gross anatomy / (رقم التسجيلة. 26818)

تفاصيل مارك
000 -الفاتح
حقل البيانات ثابتة الطول 01448cam a22004094a 4500
001 - رقم الضبط
رقم الضبط 16640080
003 - محدد رقم الضبط
رقم الضبط OSt
005 - وقت وتاريخ اخر تعامل مع التسجيلة
رقم الضبط 20150408114110.0
008 - عناصر البيانات ثابتة الطول - معلومات عامة
حقل البيانات ثابتة الطول 110201s2012 paua 001 0 eng
010 ## - رقم ضبط مكتبة الكونجرس
رقم ضبط مكتبة الكونجرس 2011004830
016 7# - رقم ضبط الوكاله الوطنية للضبط الببليوجرافي
رقم ضبط التسجيلة 101553005
المصدر DNLM
020 ## - الرقم الدولى المعيارى للكتب
الرقم الدولى المعيارى للكتاب 9781605477459 (pbk. : alk. paper)
020 ## - الرقم الدولى المعيارى للكتب
الرقم الدولى المعيارى للكتاب 1605477451 (pbk. : alk. paper)
035 ## - رقم ضبط النظام
رقم ضبط النظام (OCoLC)ocn701450118
040 ## - مصدر الفهرسة
وكالة الفهرسة الأصلية Ma-Un
042 ## - رمز التحقق
رمز التحقق pcc
050 00 - رقم طلب مكتبة الكونجرس
رقم التصنيف QM31
رقم المادة .C54 2012
060 10 - رقم الطلب بالمكتبة الطبية الوطنية
رقم التصنيف QS 18.2
082 00 - رقم تصنيف ديوى العشرى
رقم التصنيف 611
رقم الطبعة 22
100 1# - المدخل الرئيسى - إسم شخصى
الإسم الشخصى Chung, Kyung Won.
9 (RLIN) 19503
245 10 - بيان العنوان
العنوان Gross anatomy /
بيان المسئوليه,etc Kyung Won Chung, Harold M. Chung.
250 ## - بيان الطبعة
بيان الطبعة 7th ed.
260 ## - PUBLICATION, DISTRIBUTION, ETC. (IMPRINT)
مكان الناشر او الموزع Philadelphia, PA :
اسم الناشر او الموزع Wolters Kluwer Health/Lippincott Williams & Wilkins,
تاريخ النشر أو التوزيع c2012.
300 ## - الوصف المادى
التعداد xiii, 490 p. :
تفاصيل ماديه اخرى للوعاء ill. (some col.) ;
أبعاد الوعاء 26 cm.
490 1# - بيان السلسلة
عنوان السلسلة Board review series
500 ## - تبصرة عامة
تبصرة عامة Includes index.
504 ## - تبصرة ببليوجرافية
تبصرة ببليوجرافية,الخ Includes bibliographical references and index.
505 0# - تبصرة محتويات-الفهرس
تبصرة المحتويات المصاغة Upper limb -- Lower limb -- Thorax -- Abdomen -- Perineum and pelvis -- Back -- Head and neck.
650 #0 - المدخل الاضافى بالموضوع-مصطلح موضوعى
مصطلح موضوعي أو اسم جغرافي كعنصر مدخل Human anatomy
التقسيم الفرعي الشكلي Outlines, syllabi, etc.
9 (RLIN) 19504
650 #0 - المدخل الاضافى بالموضوع-مصطلح موضوعى
مصطلح موضوعي أو اسم جغرافي كعنصر مدخل Human anatomy
التقسيم الفرعي الشكلي Examinations, questions, etc.
9 (RLIN) 16157
650 12 - المدخل الاضافى بالموضوع-مصطلح موضوعى
مصطلح موضوعي أو اسم جغرافي كعنصر مدخل Anatomy
التقسيم الفرعي الشكلي Examination Questions.
9 (RLIN) 16158
650 12 - المدخل الاضافى بالموضوع-مصطلح موضوعى
مصطلح موضوعي أو اسم جغرافي كعنصر مدخل Anatomy
التقسيم الفرعي الشكلي Programmed Instruction.
9 (RLIN) 10679
700 1# - المدخل الاضافى - اسم شخصى
الإسم الشخصى Chung, Harold M.
9 (RLIN) 19505
830 #0 - المدخل الاضافى بالسلسلة -عنوان موحد
عنوان موحد Board review series.
9 (RLIN) 19506
942 ## - عناصر المدخل الإضافي( كوها)
مصدر التصنيف او مخطط الترفيف Dewey Decimal Classification
Koha [default] item type كتاب
المقتنيات
حالة الفقد نموذج السعر الفعال حالة تلف ليس للاعارة رقم الطلب رقم النسخة تاريخ الاكتساب الموقع الحالي الباركود الفرع الرئيسي Date last seen نوع المادة فى نظام كوها مصدر التصنيف او خطة الترفيف Total Checkouts Total Renewals Date last checked out
  2013-03-10     611 CKG n1 2013-01-11 المكتبة المركزية بالمجمعة (CL) 00450159 المكتبة المركزية بالمجمعة (CL) 2013-03-10 كتاب Dewey Decimal Classification      
  2013-03-10     611 CKG n2 2013-01-11 المكتبة المركزية بالمجمعة (CL) 00450158 المكتبة المركزية بالمجمعة (CL) 2022-06-09 كتاب Dewey Decimal Classification 3 1 2021-09-26
  2013-03-10     611 CKG n3 2013-01-11 المكتبة المركزية بالمجمعة (CL) 00450157 المكتبة المركزية بالمجمعة (CL) 2018-01-09 كتاب Dewey Decimal Classification 1   2017-11-29